[Event "Leverkusen Bayer op 2nd"]
[Site "Leverkusen"]
[Date "1997.10.04"]
[Round "5"]
[White "Simkin, Michail"]
[Black "Niemers, Johannes"]
[Result "0-1"]
[WhiteElo "1785"]
[BlackElo "2030"]
[PlyCount "68"]
[EventDate "1997.10.??"]
[EventType "swiss"]
[EventRounds "7"]
[EventCountry "GER"]
[SourceTitle "CBM 060 Extra"]
[Source "ChessBase"]
[SourceDate "1997.11.04"]
[SourceVersion "1"]
[SourceVersionDate "1997.11.04"]
[SourceQuality "1"]

1. e4 e5 2. Nf3 Nf6 3. d4 Nxe4 4. Bd3 d5 5. Nxe5 Be7 6. Qf3 Nf6 7. Nc3 c6 8. 0-0 0-0 9. Ne2 Nbd7 10. Ng3 Bd6 11. Re1 Qc7 12. Bf4 Re8 13. Nh5 g6 14. Bg5 Bxe5 15. Nxf6+ Nxf6 16. dxe5 Ng4 17. h3 Nxe5 18. Qf6 Re6 19. Qf4 Bd7 20. Re3 Rae8 21. Kf1 Qd6 22. Rae1 f6 23. Bh4 g5 24. Bxg5 fxg5 25. Qxg5+ Ng6 26. h4 Rxe3 27. Rxe3 Rxe3 28. fxe3 Qe7 29. Qg3 Qf6+ 30. Ke2 Qe5 31. Qf3 Nxh4 32. Bxh7+ Kg7 33. Qf2 Qh5+ 34. Kd2 Kxh7 0-1

[Event "Leverkusen Bayer op 2nd"]
[Site "Leverkusen"]
[Date "1997.10.03"]
[Round "3"]
[White "Kampmann, Lutz"]
[Black "Simkin, Michail"]
[Result "1-0"]
[WhiteElo "2156"]
[BlackElo "1785"]
[PlyCount "101"]
[EventDate "1997.10.??"]
[EventType "swiss"]
[EventRounds "7"]
[EventCountry "GER"]
[SourceTitle "CBM 060 Extra"]
[Source "ChessBase"]
[SourceDate "1997.11.04"]
[SourceVersion "1"]
[SourceVersionDate "1997.11.04"]
[SourceQuality "1"]

1. d4 Nf6 2. c4 g6 3. Nc3 d5 4. cxd5 Nxd5 5. e4 Nxc3 6. bxc3 Bg7 7. Nf3 0-0 8. Be2 c5 9. Rb1 Qc7 10. 0-0 Nc6 11. Be3 Rd8 12. d5 Ne5 13. Nxe5 Bxe5 14. f4 Bxc3 15. Rc1 Qa5 16. Qd3 Bb4 17. f5 Qa3 18. fxg6 hxg6 19. Qxa3 Bxa3 20. Rc2 Bd7 21. Bd3 Be8 22. Bxc5 Bxc5+ 23. Rxc5 e6 24. Bc4 b6 25. Rc7 Rac8 26. Rxc8 Rxc8 27. Bb3 Bb5 28. Rf3 Be2 29. Re3 Bc4 30. Rc3 b5 31. Kf2 Kf8 32. Ke3 e5 33. Kd2 Ke7 34. Bxc4 bxc4 35. Ra3 Rc7 36. Kc3 Kd6 37. Ra4 f5 38. Ra6+ Kc5 39. Rxg6 fxe4 40. Rc6+ Rxc6 41. dxc6 Kxc6 42. Kxc4 Kd6 43. g4 Ke6 44. Kc3 Kf6 45. h4 Ke6 46. Kd2 Kd5 47. Ke3 a5 48. h5 Ke6 49. Kxe4 Kf6 50. h6 a4 51. g5+ 1-0